000
00327nam a2200121Ia 4500
008
220217s9999 xx 000 0 und d
245
0
_a
Methods of test for rubber latex: Part V. Drawing of samples
260
_c
1979
500
_a
Standard number: IS 9316 Part II
650
_a
Latex
650
_a
Sample drawing
942
_c
ST
999
_c
73976
_d
73976